H. Clintonová: Demokracia nemôže fungovať bez vzájomnej dôvery

Bibliographic Details
Main Authors: Poláčková, Lenka (Author), Clinton, Hillary Rodham, 1947- (Author), Albright, Madeleine Korbel, 1937-2022 (Author)
Format: Article
Language:Slovak
PhysicalDescription:Fotogr. 2
Subjects:

MARC

LEADER 00000nab a2200000 a 4500
001 vtls000589708
003 SK-MaSNL
005 20260426073440.0
008 160202c1996 xo 0 slo
015 |a SNBRB19rr/mm-uuuuu 
035 |a CL0589847 
040 |a SNKBUCL  |b slo  |c SNKBUCL  |e AACR2 
041 0 |a slo 
044 |a xo  |c SK 
080 |a 327(437.6:73)  |2 1981 
080 |a 327(73:437.6)  |2 1981 
100 1 |a Poláčková, Lenka  |4 aut  |9 988770 
245 1 0 |a H. Clintonová: Demokracia nemôže fungovať bez vzájomnej dôvery  |c Lenka Poláčková 
300 |b Fotogr. 2 
650 0 7 |a zahraničná politika  |2 snkbucl  |9 971 
651 7 |a Slovensko  |2 snkbucl  |9 14231 
651 7 |a Spojené štáty americké  |2 snkbucl  |9 18262 
655 7 |a články z novín a časopisov  |2 snkbucl  |9 267496 
700 1 |a Clinton, Hillary Rodham,  |d 1947-  |4 aut  |9 194419 
700 1 |a Albright, Madeleine Korbel,  |d 1937-2022  |4 aut  |9 218884 
773 0 |t Národná obroda  |g Roč. 7, č. 157 (8. 7. 1996), s. 1-2 
850 |a Slovenská národná knižnica v Martine  |a MTA001 
852 |a SNK  |b KIS3GCP 
958 |a RK 
958 |a SK 
992 |a RBX 
999 |c 2706377  |d 2708307